000 00439nam a22001811a 4500
001 4112
003 OSt
005 20260204211916.0
008 050620s1999||||sp ||||||b||||||||||spa||
020 _a847884208x
050 _a863.44 R279m
245 _aRelatos de mujeres / Ferman Caballero
264 _aEspaña: Editorial Popular
300 _a93 p
650 _aCuentos - Narrativa
710 _aCaraballos, FermanÌ
942 _2ddc
_cBK
999 _c4112
_d4112